Rudy rides the rails
| Main Author: | |
|---|---|
| Other Authors: | |
| Format: | Book |
| Published: |
Chelsea :
Sleeping Bear Press ,
2007
|
| Subjects: |
MARC
| LEADER | 00000cam a2200000 7i4500 | ||
|---|---|---|---|
| 001 | 0000162425 | ||
| 005 | 20121130.0 | ||
| 020 | |a 1585362867 | ||
| 020 | |a 9781585362868 | ||
| 090 | 0 | 0 | |a JF |b MAC |
| 100 | 1 | |a Mackall, Dandi Daley | |
| 245 | 1 | 0 | |a Rudy rides the rails |c Dandi Daley Mackall ; illustrated by Chris Ellison |
| 260 | |a Chelsea : |b Sleeping Bear Press , |c 2007 | ||
| 300 | |a p.v. ; |c 29cm. | ||
| 650 | 0 | 0 | |a Children's stories |
| 700 | 1 | |a Ellison, Chris | |
| 999 | |a 00267488 |b BUKU |c PINJAMAN |e PERPUSTAKAAN KOMUNITI PETALING JAYA | ||